| 000 | 01069nam0a22002411 4500 | ||
|---|---|---|---|
| 001 | rc\176731 | ||
| 005 | 20260406105547.0 | ||
| 035 | _a(NLR Aleph) 005437583 | ||
| 090 |
_a4722746 _c4722746 |
||
| 100 | _a20030307d1995 |||y0rusy50 ca | ||
| 101 | 0 | _arus | |
| 102 | _aRU | ||
| 105 | _ay ||||||||| | ||
| 200 | 1 |
_aПравовая реформа и проблемы деятельности органов внутренних дел _eМежвуз. сб. науч. тр. слушателей вузов МВД Рос. Федерации _fМ-во внутр. дел Рос. Федерации. Уфим. высш. шк. _g[Под ред. К.Б. Толкачева] |
|
| 210 |
_aУфа _cУВШ МВД РФ _d1995 |
||
| 215 |
_a181 с. _d20 |
||
| 702 | 1 |
_aТолкачев _bК.Б. _gКонстантин Борисович _4340 |
|
| 712 | 0 | 2 |
_aУфимская высшая школа МВД Российской Федерации _3RU\NLR\AUTH\884506 _9280527 |
| 801 | 0 |
_aRU _bNLR _gpsbo |
|
| 801 | 1 |
_aRU _bELAR _2rusmarc |
|
| 852 |
_aNLR _j96-3/6571 |
||
| 942 | _cBOOK | ||
| 980 | _aNB | ||